Η ελληνική οικονομία και η απασχόληση : ετήσια έκθεση 1999
Saved in:
| Corporate Author: | |
|---|---|
| Format: | Conference Proceeding Book |
| Language: | Greek |
| Published: |
Αθήνα :
ΙΝΕ Ινστιτούτο Εργασίας ΓΣΕΕ-ΑΔΕΔΥ,
1999.
|
| Series: | Εκθέσεις (Κέντρο Προγραμματισμού και Οικονομικών Ερευνών)
; 1 |
| Subjects: | |
| Tags: |
Add Tag
No Tags, Be the first to tag this record!
|
MARC
| LEADER | 00000cam a2200000 i 4500 | ||
|---|---|---|---|
| 001 | 1/14568 | ||
| 008 | 001206s1999 gr | ||| |||| ||gre|| | ||
| 020 | |a 9607402146 | ||
| 035 | |l 10065050 | ||
| 040 | |a GR-MyUA |b gre |e AACR2 | ||
| 041 | 0 | |a gre | |
| 082 | 0 | |a 330.9495 | |
| 111 | 2 | |a Ινστιτούτο Εργασίας ΓΣΕΕ-ΑΔΕΔΥ. | |
| 245 | 1 | 2 | |a Η ελληνική οικονομία και η απασχόληση : |b ετήσια έκθεση 1999 / |c ΙΝΕ Ινστιτούτο Εργασίας ΓΣΕΕ-ΑΔΕΔΥ. |
| 260 | |a Αθήνα : |b ΙΝΕ Ινστιτούτο Εργασίας ΓΣΕΕ-ΑΔΕΔΥ, |c 1999. | ||
| 300 | |a 221 σ. : |b πιν., διάγρ. ; |c 29 εκ. | ||
| 490 | 1 | |a (Εκθέσεις (Κέντρο Προγραμματισμού και Οικονομικών Ερευνών) |v ; 1) | |
| 650 | 0 | 0 | |a Employment (Economic theory) |
| 650 | 0 | 0 | |a Unemployment |z Greece. |
| 651 | 0 | |a Greece |x Economic conditions. | |
| 830 | 0 | |a Εκθέσεις (Κέντρο Προγραμματισμού και Οικονομικών Ερευνών) |v ; 1 | |
| 852 | |a INST |b CHIOS |e 20001206 |h 330.9495 ΙΝE |p 005200017181 |q 005200017181 |t BK |y 0 | ||
| 852 | |a INST |b LESVOS |e 20010307 |h 330.9495 ΙΝΕ |p 005100029104 |q 005100029104 |t BK |y 0 | ||
| 852 | |a INST |b SAMOS |e 20050401 |h 330.9495 ΙΝΕ |p 005300025235 |q 005300025235 |t BK |y 0 | ||
| 901 | |a BIBL3-2005-1 | ||
| 901 | |a BIBL2-2000-3 | ||
| 909 | |a Σ |b 114461 | ||
| 909 | |a Χ |b 076179 | ||
| 909 | |a Λ |b 086914 | ||
| 970 | |a ΣΑΛΑΜΟΥΡΑ |b ΜΑΡΙΑ |z 2000/12/06 | ||